ბათუმის შოთა რუსთაველის სახელმწიფო უნივერსიტეტის ბიბლიოთეკა

მძლეოსნობა : (ბიბ.ჩანაწერი № 34883)

000 -ლიდერი
ფიქსირებული სიგრძის საკონტროლო ველი 00926nam a2200217Ia 4500
001 - საკონტროლო ნომერი
საკონტროლო ველი 704
003 - საკონტროლო ნომრის იდენტიფიკატორი
საკონტროლო ველი GE_BSU
005 - ბოლო ოპერაციის თარიღი და დრო
საკონტროლო ველი 20211015114420.0
008 - ფიქსირებული სიგრძის მონაცემთა ელემენტები - ზოგადი ინფორმაცია
ფიქსირებული სიგრძის საკონტროლო ველი 181216s1977||||ge |||||||||||||| ||geo||
040 ## - კატალოგიზაციის წყარო
Transcribing agency GE_BSU
041 ## - ენის კოდი
Language code of text/sound track or separate title geo
080 ## - უნივერსალური ათობითი კლასიფიკაციის ინდექსი
Universal Decimal Classification number 796.8(075.8) მ–97
245 ## - ცნობა სათაურის შესახებ
Title მძლეოსნობა :
Remainder of title სახელმძღვ. ფიზ. კულტურის ინსტიტუტებისათვის /
Statement of responsibility, etc დ. მარკოვისა და ნ. ოზოლინის რედაქტორობით.
264 ## - წარმოების, გამოცემის, დისტრიბუციის და სხვა ცნობები
გამოცემის, წარმოების, დისტრიბუციის... ადგილი თბილისი :
გამოცემის, წარმოების, დისტრიბუციის... სახელწოდება განათლება,
გამოცემის, წარმოების, დისტრიბუციის... თარიღი 1977.
300 ## - ფიზიკური აღწერა
Extent 638 გვ.
Other physical details ილ. ;
Dimensions 22 სმ.
653 ## - INDEX TERM--UNCONTROLLED
Uncontrolled term მძლეოსნობა
653 ## - INDEX TERM--UNCONTROLLED
Uncontrolled term სპორტი
700 ## - ADDED ENTRY--PERSONAL NAME
Personal name მარკოვი, დ
Relator term რედაქტორი
9 (RLIN) 12664
700 ## - ADDED ENTRY--PERSONAL NAME
Personal name ოზოლინი, ნ.
Relator term რედაქტორი
9 (RLIN) 12665
942 ## - ADDED ENTRY ELEMENTS (KOHA)
Koha item type წიგნი
Source of classification or shelving scheme
ეგზემპლარები
ჩამოწერის სტატუსი დაკარგული ეგზემპლარის სტატუსი კლასიფიკაციის წყარო ან თაროზე გაწყობის სქემა დაზიანების სტატუსი არ გაიცემა მუდმივი მდებარეობა (დაცვის ადგილი) ამჟამინდელი ადგილსამყოფელი თაროზე განთავსების ადგილი შეძენის თარიღი ღირებულება, შესყიდვის ნორმალური ფასი სრული შენახვის შიფრი შტრიხკოდი ბოლო ოპერაციის თარიღი ეგზემპლარის მიმდევრობითი ნომერი (კეტერი?) ფასის ძალაში შესვლის თარიღი ეგზემპლარის სახეობა საჯარო შენიშვნა
          ბათუმის შოთა რუსთაველის სახელმწიფო უნივერსიტეტის მთავარი ბიბლიოთეკა ბათუმის შოთა რუსთაველის სახელმწიფო უნივერსიტეტის მთავარი ბიბლიოთეკა წიგნსაცავი 2018-12-17 20.00 796.8(075.8) მ–97 1110 2018-12-17 1110 2018-12-17 წიგნი 20 ლ.